[Event "POR-ch Absolute 2019"]
[Site "Portimao"]
[Date "2019.09.11"]
[Round "4"]
[White "Damaso, Rui"]
[Black "Rocha, Sergio"]
[Result "1-0"]
[WhiteElo "2416"]
[BlackElo "2356"]
[Annotator "NA"]
[PlyCount "101"]
[EventDate "2019.??.??"]
[EventCountry "POR"]
[SourceTitle "playchess.com"]
[Source "ChessBase"]
[SourceQuality "1"]
[TimeControl "5400+30"]

1. c4 Nf6 2. g3 e6 3. Bg2 d5 4. Nf3 Be7 5. b3 O-O 6. O-O c5 7. e3 Nc6 8. Bb2 b6 9. Qe2 Bb7 10. Rd1 Qc7 11. Nc3 dxc4 12. Nb5 Qb8 13. bxc4 a6 14. Nc3 Qc7 15. Rab1 Na5 16. Ba1 Nd7 17. d3 Bf6 18. h4 Rab8 19. a4 Rfd8 20. h5 h6 21. Nh2 Bxg2 22. Kxg2 Nc6 23. f4 Ne7 24. Ng4 Kf8 25. Kf2 Qc6 26. Nxf6 Nxf6 27. g4 Rb7 28. Rg1 Rbd7 29. Rbd1 Qd6 30. Qb2 e5 31. Ne2 Qe6 32. f5 Nxf5 33. Qxe5 Ne7 34. Qxe6 fxe6 35. Nf4 Kf7 36. Ke2 Nc6 37. g5 hxg5 38. Rxg5 Rh8 39. Rb1 Rd6 40. Bc3 a5 41. Rf1 Ne7 42. e4 Rc6 43. e5 Nh7 44. Ng6+ Ke8 45. Nxe7 Kxe7 46. Rxg7+ Kd8 47. Rff7 Nf8 48. Bd2 Ke8 49. h6 Rc8 50. Re7+ Kd8 51. Bg5 1-0

[Event "POR-ch Absolute 2019"]
[Site "Portimao"]
[Date "2019.09.11"]
[Round "4"]
[White "Fernandes, Antonio"]
[Black "Leonardo, Joao"]
[Result "1-0"]
[WhiteElo "2368"]
[BlackElo "2177"]
[Annotator "NA"]
[PlyCount "73"]
[EventDate "2019.??.??"]
[EventCountry "POR"]
[SourceTitle "playchess.com"]
[Source "ChessBase"]
[SourceQuality "1"]
[TimeControl "5400+30"]

1. Nf3 d6 2. d4 Nf6 3. g3 g6 4. Bg2 Bg7 5. O-O O-O 6. c4 Nc6 7. Nc3 Bg4 8. h3 Bxf3 9. Bxf3 Nd7 10. e3 e5 11. dxe5 Ndxe5 12. Be2 Nd7 13. Qc2 Nc5 14. a3 Qd7 15. Kh2 Rae8 16. Bd2 Ne6 17. f4 f5 18. b4 Kh8 19. Rae1 Ne7 20. Bf3 c6 21. Rd1 Qc7 22. Be1 Rd8 23. Qb3 Rfe8 24. Bf2 a6 25. Rd2 Nc8 26. Rfd1 Qf7 27. e4 Qf6 28. Rd3 h6 29. c5 dxc5 30. bxc5 Rxd3 31. Rxd3 Qe7 32. Qc4 Bf8 33. exf5 gxf5 34. Bh5 Rd8 35. Re3 Rd2 36. Rxe6 Qxc5 37. Rxh6+ 1-0

[Event "POR-ch Absolute 2019"]
[Site "Portimao"]
[Date "2019.09.11"]
[Round "4"]
[White "Dias, Paulo"]
[Black "Fidalgo, Andre Neves"]
[Result "1/2-1/2"]
[WhiteElo "2322"]
[BlackElo "2261"]
[Annotator "NA"]
[PlyCount "64"]
[EventDate "2019.??.??"]
[EventCountry "POR"]
[SourceTitle "playchess.com"]
[Source "ChessBase"]
[SourceQuality "1"]
[TimeControl "5400+30"]

1. d4 Nf6 2. c4 g6 3. Nc3 d5 4. cxd5 Nxd5 5. e4 Nxc3 6. bxc3 Bg7 7. Be3 c5 8. Qd2 Qa5 9. Nf3 O-O 10. Rc1 Rd8 11. d5 e6 12. Be2 b6 13. O-O Nc6 14. Bg5 f6 15. Bf4 Ba6 16. c4 Qxd2 17. Bxd2 Ne7 18. Rfe1 h6 19. h4 Re8 20. Bd3 Rad8 21. a4 f5 22. Bb1 fxe4 23. Bxe4 exd5 24. cxd5 Kf7 25. Rcd1 Bc4 26. Bxh6 Nxd5 27. Bxd5+ Rxd5 28. Ng5+ Kf6 29. Nh7+ Kf7 30. Ng5+ Kf6 31. Nh7+ Kf7 32. Ng5+ Kf6 1/2-1/2

[Event "POR-ch Absolute 2019"]
[Site "Portimao"]
[Date "2019.09.11"]
[Round "4"]
[White "Rego, Pedro Filipe"]
[Black "Sousa, Andre Ventura"]
[Result "1/2-1/2"]
[WhiteElo "2235"]
[BlackElo "2362"]
[Annotator "NA"]
[PlyCount "161"]
[EventDate "2019.??.??"]
[EventCountry "POR"]
[SourceTitle "playchess.com"]
[Source "ChessBase"]
[SourceQuality "1"]
[TimeControl "5400+30"]

1. e4 e5 2. Nf3 Nc6 3. Bb5 Nf6 4. O-O Nxe4 5. Re1 Nd6 6. Nxe5 Be7 7. Bf1 Nxe5 8. Rxe5 O-O 9. d4 Bf6 10. Re2 b6 11. Re1 Re8 12. c3 Bb7 13. Bf4 Rxe1 14. Qxe1 Qe7 15. Qxe7 Bxe7 16. Nd2 Re8 17. Re1 Bd8 18. Rxe8+ Nxe8 19. Bd3 g5 20. Bg3 Ng7 21. f3 h5 22. Nc4 h4 23. Be1 Ne6 24. Bd2 h3 25. gxh3 Bxf3 26. Ne5 Bd5 27. Nxd7 Bxa2 28. Be4 Be7 29. Ne5 Bd6 30. Ng4 Kf8 31. Nf6 Ke7 32. Ng8+ Ke8 33. Nf6+ Kd8 34. Kg2 Nf4+ 35. Kf3 Ne6 36. d5 Ke7 37. Ng8+ Kf8 38. dxe6 Kxg8 39. exf7+ Kxf7 40. Bxg5 Bxh2 41. Bf4 Bxf4 42. Kxf4 Kf6 43. Bf5 a5 44. Bd7 Bd5 45. h4 c6 46. h5 b5 47. Ke3 b4 48. cxb4 axb4 49. Kd4 Kg5 50. Be8 b3 51. Kc5 Bf3 52. Kb4 Bd5 53. Bg6 Kh6 54. Kc5 Kg5 55. Kd4 Kh6 56. Kc5 Kg5 57. Be8 Bf3 58. Bf7 Kf6 59. Bxb3 Bxh5 60. Kxc6 Ke7 61. Bc4 Kd8 62. Ba6 Bf3+ 63. Kb6 Bd5 64. b4 Bf3 65. Ka7 Bc6 66. Bb7 Bb5 67. Kb6 Bd3 68. Ba6 Be4 69. Ka7 Bc6 70. Kb8 Bd7 71. Kb7 Ba4 72. Be2 Bd7 73. Bd3 Ba4 74. Ba6 Bd7 75. Kb6 Ba4 76. Bb5 Bc2 77. Kb7 Be4+ 78. Kb8 Bd5 79. Ba6 Bc6 80. b5 Bxb5 81. Bxb5 1/2-1/2

[Event "POR-ch Absolute 2019"]
[Site "Portimao"]
[Date "2019.09.11"]
[Round "5.1"]
[White "Veiga, Jose Francisco R P N"]
[Black "Rego, Pedro Filipe"]
[Result "1-0"]
[WhiteElo "2345"]
[BlackElo "2235"]
[Annotator "TA"]
[PlyCount "61"]
[EventDate "2019.09.07"]
[EventType "tourn"]
[EventCountry "POR"]
[SourceTitle "playchess.com"]
[Source "ChessBase"]
[SourceQuality "1"]

{[%evp 19,61,0,1,0,0,-5,-4,-10,0,0,0,0,0,0,0,0,0,-4,16,0,88,87,72,67,127,121,112,56,47,64,118,109,115,119,191,183,355,267,278,279,268,263,785,778]} 1. e4 c5 2. Nf3 Nc6 3. d4 cxd4 4. Nxd4 g6 5. Nb3 Nf6 6. Nc3 Bg7 7. Be2 d6 8. O-O a6 9. Re1 O-O 10. Bf1 b5 11. a4 {B70: Sicilian Dragon: 6 g3 and 6 Be2 (without a later Be3)} b4 12. Nd5 e6 (12... Nd7 13. a5 Rb8 14. Ra2 e6 15. Ne3 Nf6 16. Nc4 d5 17. exd5 Nxd5 18. Ne3 Nce7 19. Nxd5 Nxd5 {½-½ (66) Kramnik,V (2810)-Mamedov,R (2684) Novi Sad 2016}) 13. Nxf6+ {The position is equal.} Bxf6 14. a5 Qc7 {[#]} 15. Bf4 $146 ({Predecessor:} 15. Ra2 Bb7 16. Be3 Rac8 17. Qd2 Qe7 18. Bd3 Rfd8 19. h3 Qf8 20. Bh6 Qe7 21. Be3 Qf8 22. Bh6 Qe7 23. Be3 {½-½ (23) Ter Sahakyan,S (2582)-Grigoryan,K (2571) Yerevan 2017}) 15... Rd8 16. Ra2 Bb7 17. Qd2 Qe7 18. Be3 Rdc8 19. Rd1 d5 (19... Ne5 $11) 20. Bc5 $16 Qc7 21. Bb6 Qe7 (21... Qd6 $1 $14) 22. exd5 exd5 23. Re1 (23. Nc5 $16) 23... Qd6 $14 24. Bc5 Qd7 ({Better is} 24... Qc7 $14) 25. Qf4 $16 Kg7 26. Bb6 $36 {[%mdl 2048] [#] And now Nc5 would win. White is on the roll.} Nd8 (26... d4 $16) 27. Nc5 $18 Qc6 $2 (27... Rxc5 28. Bxc5 Ne6 29. Qxb4 Rc8) 28. Qxb4 Ne6 29. Nxe6+ fxe6 30. Bd4 Rf8 $2 {[#]} (30... Bxd4 31. Qxd4+ Kg8) 31. Qe7+ {[%mdl 64] Double Attack. Accuracy: White = 96%, Black = 30%.} 1-0

[Event "POR-ch Absolute 2019"]
[Site "Portimao"]
[Date "2019.09.12"]
[Round "5.2"]
[White "Rocha, Sergio"]
[Black "Galego, Luis"]
[Result "1/2-1/2"]
[WhiteElo "2356"]
[BlackElo "2501"]
[Annotator "TA"]
[PlyCount "90"]
[EventDate "2019.09.07"]
[EventType "tourn"]
[EventCountry "POR"]
[SourceTitle "playchess.com"]
[Source "ChessBase"]
[SourceQuality "1"]

{[%evp 10,90,29,0,-3,-27,-10,-6,-5,-26,16,-85,-87,-69,-22,-18,-18,-64,-61,-66,-57,-66,-53,-61,0,0,22,-13,-17,-78,-15,-77,-84,-94,-95,-123,0,0,130,164,151,94,185,182,208,206,193,200,227,200,193,210,203,193,209,177,168,195,197,204,210,193,300,310,306,301,306,272,243,209,356,199,510,79,510,510,507,0,88,0,486,0,90]} 1. d4 Nf6 2. c4 e6 3. Nc3 Bb4 4. Qc2 c5 5. dxc5 Na6 6. Nf3 (6. a3 $5 {[%cal Ra3b4]} Bxc3+ 7. Qxc3 $11) 6... Nxc5 {E38: Nimzo-Indian: Classical: 4...c5} 7. a3 (7. g3 O-O 8. Bg2 Nce4 9. O-O Nxc3 10. bxc3 Be7 11. e4 d6 12. e5 dxe5 13. Nxe5 Qc7 14. Qe2 Bd6 15. Bf4 Nd7 16. Rfe1 Nxe5 17. Bxe5 Bxe5 18. Qxe5 Qxc4 19. Rad1 Qxa2 20. Qc7 Qb2 21. Be4 g6 22. Rd8 Rxd8 23. Qxd8+ Kg7 24. Qd4+ Kg8 25. Qd8+ Kg7 26. Qd4+ Kg8 27. Qd8+ Kg7 28. Qd4+ {½-½ (28) Fridman,D (2594)-Zatonskih,A (2443) Caleta 2017}) 7... Bxc3+ $1 8. Qxc3 b6 9. Nd2 O-O 10. f3 (10. b4 $11 Nce4 11. Nxe4 Nxe4 12. Qd4) 10... d5 $17 11. b4 d4 $146 (11... Na4 $5 {[%cal Ra4c3]} 12. Qe5 Ba6 $15) ({Predecessor:} 11... Ncd7 12. Bb2 Ba6 13. cxd5 exd5 14. e3 Rc8 15. Qd4 Bxf1 16. Rxf1 Qc7 {1-0 (58) Ristic,N (2291)-Womacka,M (2436) playchess.com INT 2006}) 12. Qc2 Nb7 13. e4 e5 14. Bd3 a5 $36 {[%mdl 2048] Black has good play.} 15. Rb1 axb4 16. axb4 Be6 ({Black should play} 16... Nh5 $1 $15 17. Nb3 Qe7) 17. O-O Nh5 18. g3 Qe7 19. f4 (19. Kh1 $11) 19... Bh3 (19... exf4 $17 20. e5 fxg3) 20. Rf2 (20. Re1 $11 {remains equal.}) 20... exf4 21. Nf3 fxg3 22. hxg3 Bd7 (22... Nxg3 23. Kh2 $16) (22... Qd7 $17 {...Qg4 is the strong threat.} 23. Bb2 Qg4) 23. e5 $11 f5 (23... h6 $11) 24. exf6 $1 $16 Nxf6 25. Re2 ({Better is} 25. c5 Bg4 26. Bg5 (26. Nxd4 bxc5 27. Nf5 Bxf5 $11) (26. cxb6 Rfc8 $14) 26... Bxf3 27. Bxh7+ $1 {[%mdl 576] Pin} Kh8 28. Rxf3) 25... Qd6 (25... Qd8 $16) 26. Bf4 $18 {[%mdl 1024] White has strong compensation.} Ba4 27. Qd2 ({Weaker is} 27. Bxd6 Bxc2 28. Bxc2 Nxd6 $14) 27... Qd8 28. Rh2 Bc6 29. Ng5 {[%cal Rh2h7] aiming for Rxh7.} h6 30. Ne6 $1 {[%csl LRd8,LRf8][%mdl 64] Double Attack} Qd7 31. Nxf8 Rxf8 32. Re1 Nd6 {[#]} 33. b5 $1 {[%cal Rb5c6]} Ba8 34. Bxd6 Qxd6 35. Qf4 Qxf4 (35... Qb4 {was called for.} 36. Rf1 Qc3) 36. gxf4 Nd7 37. Re7 Nc5 38. Bg6 d3 39. Ra2 {Threatens to win with Raa7.} Bb7 (39... Rd8 $142 40. Re8+ Rxe8 41. Bxe8 Be4) 40. Rd2 (40. Bxd3 $142 {And now Bg6 would win.} Rxf4 41. Rc7) 40... Rxf4 $2 (40... Rd8 {is a better chance.} 41. Re5 Rf8 42. Bxd3 Rxf4) 41. Re8+ Rf8 {[#]} 42. Bh7+ $1 {[%mdl 512]} Kf7 (42... Kxh7 43. Rxf8) 43. Bg6+ $2 (43. Re3 $18 {is more deadly. Rf2+ would kill now.} Nd7 44. Rexd3) 43... Kg8 $1 $16 {[#]} 44. Bh7+ $1 {[%mdl 8704]} Kf7 $18 (44... Kxh7 45. Rxf8) 45. Bg6+ $2 (45. Re3 $18 {White threatens Rf2+ and mate.} Nd7 46. Rexd3) 45... Kg8 $1 {Accuracy: White = 53%, Black = 54%.} 1/2-1/2

[Event "POR-ch Absolute 2019"]
[Site "Portimao"]
[Date "2019.09.12"]
[Round "5.3"]
[White "Leonardo, Joao"]
[Black "Damaso, Rui"]
[Result "0-1"]
[WhiteElo "2177"]
[BlackElo "2416"]
[Annotator "RC"]
[PlyCount "88"]
[EventDate "2019.09.07"]
[EventType "tourn"]
[EventCountry "POR"]
[SourceTitle "playchess.com"]
[Source "ChessBase"]
[SourceQuality "1"]
[TimeControl "5400+30"]

1. d3 {[%emt 0:00:00]} b6 {[%emt 0:00:00]} 2. Nf3 {[%emt 0:00:00]} Bb7 {[%emt 0:00:00]} 3. Nbd2 {[%emt 0:00:00]} g6 {[%emt 0:00:37]} 4. e4 {[%emt 0:00:00]} c5 {[%emt 0:00:09]} 5. g3 {[%emt 0:00:16]} Bg7 {[%emt 0:00:34]} 6. Bg2 {[%emt 0:00:02]} e6 {[%emt 0:01:01]} 7. O-O {[%emt 0:00:20]} Ne7 {[%emt 0:00:17]} 8. e5 {[%emt 0:00:54]} O-O {[%emt 0:04:08]} 9. Re1 {[%emt 0:00:08]} d6 {[%emt 0:08:15]} 10. exd6 {[%emt 0:04:58]} Nf5 {[%emt 0:01:20]} 11. Ne4 {[%emt 0:00:31]} Nc6 {[%emt 0:00:34]} 12. Bg5 {[%emt 0:03:42]} f6 {[%emt 0:01:09]} 13. Bd2 {[%emt 0:00:40]} e5 {[%emt 0:02:09]} 14. Bc3 {[%emt 0:02:35]} Nxd6 {[%emt 0:02:04]} 15. Nxd6 {[%emt 0:00:14]} Qxd6 {[%emt 0:00:02]} 16. Nd2 {[%emt 0:00:08]} Qc7 {[%emt 0:01:12]} 17. a4 {[%emt 0:00:36]} Rad8 {[%emt 0:00:51]} 18. Qe2 {[%emt 0:05:44]} Rfe8 {[%emt 0:17:38]} 19. h4 {[%emt 0:24:01]} f5 {[%emt 0:08:14]} 20. Kh2 {[%emt 0:11:31]} Nd4 {[%emt 0:08:31]} 21. Bxd4 {[%emt 0:08:10]} Bxg2 {[%emt 0:02:11]} 22. Kxg2 {[%emt 0:04:14]} cxd4 {[%emt 0:01:33]} 23. Nc4 {[%emt 0:05:05]} e4 {[%emt 0:04:00]} 24. Qf1 {[%emt 0:06:18]} Re6 {[%emt 0:01:36]} 25. Kg1 {[%emt 0:06:20]} Rde8 {[%emt 0:01:21]} 26. Qg2 {[%emt 0:00:44]} Bf8 {[%emt 0:02:58]} 27. Re2 {[%emt 0:02:19]} Bb4 {[%emt 0:04:36]} 28. Kh2 {[%emt 0:01:52]} a6 {[%emt 0:04:30]} 29. Qf1 {[%emt 0:01:04]} Kg7 {[%emt 0:01:57]} 30. Rc1 {[%emt 0:03:04]} b5 {[%emt 0:02:42]} 31. axb5 {[%emt 0:00:39]} axb5 {[%emt 0:00:03]} 32. Na3 {[%emt 0:02:54]} Qd7 {[%emt 0:03:24]} 33. dxe4 {[%emt 0:01:03]} fxe4 {[%emt 0:00:31]} 34. Rd1 {[%emt 0:00:08]} Ba5 {[%emt 0:03:23]} 35. Qh3 {[%emt 0:00:46]} Qd5 {[%emt 0:00:18]} 36. Qg2 {[%emt 0:00:43]} Bb6 {[%emt 0:02:20]} 37. Nb1 {[%emt 0:02:08]} Qh5 {[%emt 0:03:29]} 38. Rde1 {[%emt 0:00:46]} Ba5 {[%emt 0:01:03]} 39. c3 {[%emt 0:00:02]} Qf5 {[%emt 0:00:22]} 40. b4 {[%emt 0:00:00]} d3 {[%emt 0:00:00]} 41. Ra2 {[%emt 0:00:00]} Bb6 {[%emt 0:00:00]} 42. Rf1 {[%emt 0:00:00]} Rf8 {[%emt 0:00:00]} 43. Nd2 {[%emt 0:00:00]} Qxf2 {[%emt 0:00:00]} 44. Rxf2 {[%emt 0:00:00]} Rxf2 {[%emt 0:00:00]} 0-1

[Event "POR-ch Absolute 2019"]
[Site "Portimao"]
[Date "2019.09.12"]
[Round "5.4"]
[White "Fidalgo, Andre Neves"]
[Black "Fernandes, Antonio"]
[Result "1/2-1/2"]
[WhiteElo "2261"]
[BlackElo "2368"]
[Annotator "TA"]
[PlyCount "128"]
[EventDate "2019.09.07"]
[EventType "tourn"]
[EventCountry "POR"]
[SourceTitle "playchess.com"]
[Source "ChessBase"]
[SourceQuality "1"]

{[%evp 21,128,20,36,39,29,27,75,8,17,21,10,0,0,-19,3,16,30,20,71,17,23,19,64,15,22,25,9,0,0,0,0,0,0,0,0,0,14,11,21,11,13,0,0,0,0,0,0,0,0,0,0,-62,0,0,0,0,0,0,14,0,19,-6,-6,-7,0,0,0,-45,-45,-45,-45,-45,-45,-45,-45,-45,-45,-45,-31,-40,-40,-40,-40,-40,0,-40,-8,-40,-40,-40,-40,-40,-40,-40,-40,-40,0,0,0,0,0,-39,-39,-39,-39,-39,-39,-88,-39]} 1. d4 Nf6 2. c4 e6 3. g3 c5 4. d5 exd5 5. cxd5 d6 6. Nc3 g6 7. Bg2 Bg7 8. Nf3 O-O 9. O-O Re8 10. Bf4 a6 11. a4 Nh5 12. Bg5 {A62: Modern Benoni: Fianchetto Variation without early ...Nbd7} Qc7 13. e4 (13. Qd2 Nd7 14. Rfc1 b6 15. Rab1 Ndf6 16. Nh4 Ng4 17. h3 Ne5 18. b3 f6 19. Be3 f5 {0-1 (45) Jumabayev,R (2611)-Zhigalko,S (2671) Doha 2016}) 13... Bg4 14. h3 ({White should try} 14. Qc2 $16) 14... Bxf3 $1 $11 15. Bxf3 Nf6 16. Re1 $146 ({Predecessor:} 16. Qc2 Nbd7 17. a5 Rac8 18. Be3 Qd8 19. Ra4 Qe7 {1-0 (37) Ingersol,H (2406)-Stummer,W (2330) LSS email 2010}) 16... Nbd7 17. Kg2 Rab8 18. a5 b5 19. axb6 $1 Rxb6 20. Ra2 (20. Qc2 $16) 20... Qb7 21. Qc2 Rb8 {[%cal Rb6b2]} 22. Bc1 Rb4 23. Be2 c4 24. Na4 Nxe4 $1 25. Qxe4 c3 $1 26. Bc4 cxb2 27. Nxb2 Bxb2 28. Bd2 Nc5 29. Qc2 Bf6 30. Bxb4 Qxb4 31. Re3 a5 32. Qe2 Kg7 33. Rc2 a4 34. Re8 Rxe8 35. Qxe8 a3 36. Qb5 (36. Qe3 $11) 36... Qxb5 ({Better is} 36... Qe1 $1 $15 37. Ra2 Bd4) 37. Bxb5 $15 {[%mdl 4096] Endgame KRB-KBN} Bb2 {[#] ...a2 is the strong threat.} 38. Bc4 Nd3 {Threatens to win with ...Ne1+.} 39. Kf1 ({But not} 39. Bxd3 a2 $17) 39... Kf6 40. f4 g5 41. Rd2 Nb4 42. Kf2 gxf4 43. gxf4 Bc1 44. Rd1 Bxf4 45. Ra1 {[#]} a2 $1 {[%mdl 512]} 46. Rxa2 (46. Bxa2 Be5) 46... Nxa2 47. Bxa2 {KB-KB} Ke5 48. Kf3 Bc1 49. Bb3 h5 50. Ba2 f5 51. Bb3 Kf6 52. Ba4 Ke5 53. Bb3 Kd4 54. Ba2 Bg5 55. Bb3 Bd2 56. Ba2 Bc1 57. Bb3 Bg5 58. Ba2 Kc3 59. Bb1 Kc4 60. Bxf5 Kxd5 61. Bg6 h4 62. Bf7+ Kd4 63. Kg2 Ke4 64. Ba2 Ke5 {Accuracy: White = 49%, Black = 49%.} 1/2-1/2

[Event "POR-ch Absolute 2019"]
[Site "Portimao"]
[Date "2019.09.11"]
[Round "5.5"]
[White "Sousa, Andre Ventura"]
[Black "Dias, Paulo"]
[Result "1/2-1/2"]
[WhiteElo "2362"]
[BlackElo "2322"]
[Annotator "TA"]
[PlyCount "55"]
[EventDate "2019.09.07"]
[EventType "tourn"]
[EventCountry "POR"]
[SourceTitle "playchess.com"]
[Source "ChessBase"]
[SourceQuality "1"]

{[%evp 16,55,0,0,2,1,4,10,-3,11,28,-7,11,-6,-2,-4,0,0,0,0,0,-12,0,-35,-39,-37,-8,-8,-29,-12,-10,-22,-15,-13,-15,-12,-15,-23,0,-16,0,-48]} 1. e4 e5 2. Nf3 Nc6 3. d4 exd4 4. Nxd4 Nf6 5. Nxc6 bxc6 6. e5 Qe7 7. Qe2 Nd5 8. c4 Ba6 9. Nd2 f6 {C45: Scotch Game} (9... g6 10. Nf3 Qb4+ 11. Kd1 Ne7 12. Qc2 c5 13. Bd3 Bg7 14. Re1 O-O 15. Qb3 Nc6 16. Bd2 Qb6 17. Qxb6 axb6 {0-1 (32) Jones,G (2668)-Kramnik,V (2803) Douglas 2017}) 10. Qe4 Nb6 11. exf6 Qxe4+ 12. Nxe4 Bxc4 13. Bxc4 Nxc4 14. b3 Nd6 15. Nxd6+ cxd6 16. Bb2 gxf6 17. Bxf6 Rg8 $146 18. O-O Kf7 19. Bd4 c5 20. Bb2 Re8 21. Rae1 Rxe1 22. Rxe1 $11 {[%mdl 4096] Endgame KRB-KRB} d5 23. f4 Rg6 24. Re5 $1 d4 25. Rf5+ Ke8 26. Re5+ Kf7 27. Rf5+ Ke8 28. Re5+ {Accuracy: White = 78%, Black = 74%.} 1/2-1/2

[Event "POR-ch Absolute 2019"]
[Site "Portimao"]
[Date "2019.09.12"]
[Round "6.1"]
[White "Rego, Pedro Filipe"]
[Black "Dias, Paulo"]
[Result "1/2-1/2"]
[WhiteElo "2235"]
[BlackElo "2322"]
[Annotator "NA"]
[PlyCount "49"]
[EventDate "2019.09.07"]
[EventType "tourn"]
[EventCountry "POR"]
[SourceTitle "playchess.com"]
[Source "ChessBase"]
[SourceQuality "1"]
[TimeControl "5400+30"]

1. e4 {[%emt 0:00:00]} g6 {[%emt 0:00:59]} 2. d4 {[%emt 0:00:13]} Bg7 {[%emt 0:00:10]} 3. Nc3 {[%emt 0:00:20]} c6 {[%emt 0:00:17]} 4. g3 {[%emt 0:08:30]} d5 {[%emt 0:01:55]} 5. exd5 {[%emt 0:04:25]} cxd5 {[%emt 0:00:16]} 6. Bg2 {[%emt 0:00:12]} Nf6 {[%emt 0:02:29]} 7. Bg5 {[%emt 0:02:57]} Nc6 {[%emt 0:07:47]} 8. Nge2 {[%emt 0:03:23]} e6 {[%emt 0:07:18]} 9. Qd2 {[%emt 0:00:30]} b5 {[%emt 0:12:34]} 10. Nxb5 {[%emt 0:05:03]} Rb8 {[%emt 0:17:35]} 11. c4 {[%emt 0:04:28]} Na5 {[%emt 0:03:33]} 12. Qf4 {[%emt 0:23:09]} Rb6 {[%emt 0:03:19]} 13. Nxa7 {[%emt 0:10:18]} Ba6 {[%emt 0:15:27]} 14. Nb5 {[%emt 0:07:14]} O-O {[%emt 0:03:23]} 15. b3 {[%emt 0:08:21]} dxc4 {[%emt 0:00:58]} 16. bxc4 {[%emt 0:00:03]} Nxc4 {[%emt 0:01:06]} 17. Nbc3 {[%emt 0:00:05]} e5 {[%emt 0:07:56]} 18. dxe5 {[%emt 0:01:39]} Nxe5 {[%emt 0:00:03]} 19. O-O {[%emt 0:03:59]} Nd3 {[%emt 0:00:41]} 20. Qa4 {[%emt 0:01:30]} Qc8 {[%emt 0:01:50]} 21. Rab1 {[%emt 0:01:25]} Nb2 {[%emt 0:01:47]} 22. Qa5 {[%emt 0:02:22]} Nc4 {[%emt 0:02:03]} 23. Qa4 {[%emt 0:00:47]} Nb2 {[%emt 0:00:47]} 24. Qa5 {[%emt 0:02:11]} Nc4 {[%emt 0:01:32]} 25. Qa4 {[%emt 0:00:09]} 1/2-1/2

[Event "POR-ch Absolute 2019"]
[Site "Portimao"]
[Date "2019.09.12"]
[Round "6.2"]
[White "Fernandes, Antonio"]
[Black "Sousa, Andre Ventura"]
[Result "0-1"]
[WhiteElo "2368"]
[BlackElo "2362"]
[Annotator "NA"]
[PlyCount "78"]
[EventDate "2019.09.07"]
[EventType "tourn"]
[EventCountry "POR"]
[SourceTitle "playchess.com"]
[Source "ChessBase"]
[SourceQuality "1"]
[TimeControl "5400+30"]

1. e4 {[%emt 0:17:11]} e5 {[%emt 0:00:00]} 2. Nf3 {[%emt 0:00:42]} Nc6 {[%emt 0:00:00]} 3. Bc4 {[%emt 0:00:12]} Nf6 {[%emt 0:00:00]} 4. Qe2 {[%emt 0:01:50]} Be7 {[%emt 0:04:13]} 5. O-O {[%emt 0:00:31]} O-O {[%emt 0:01:07]} 6. c3 {[%emt 0:00:10]} d5 {[%emt 0:07:38]} 7. exd5 {[%emt 0:16:43]} Nxd5 {[%emt 0:00:17]} 8. d3 {[%emt 0:04:22]} Bg4 {[%emt 0:04:07]} 9. h3 {[%emt 0:00:57]} Bh5 {[%emt 0:00:05]} 10. g4 {[%emt 0:01:29]} Bg6 {[%emt 0:00:05]} 11. Nxe5 {[%emt 0:00:19]} Nxe5 {[%emt 0:00:35]} 12. Qxe5 {[%emt 0:00:04]} c6 {[%emt 0:08:18]} 13. Bxd5 {[%emt 0:07:09]} cxd5 {[%emt 0:01:31]} 14. Bf4 {[%emt 0:06:03]} f5 {[%emt 0:04:06]} 15. g5 {[%emt 0:05:59]} Bxg5 {[%emt 0:00:53]} 16. Na3 {[%emt 0:11:14]} Re8 {[%emt 0:08:10]} 17. Bxg5 {[%emt 0:00:02]} Qxg5+ {[%emt 0:00:11]} 18. Qg3 {[%emt 0:00:02]} Qxg3+ {[%emt 0:03:39]} 19. fxg3 {[%emt 0:00:01]} Re3 {[%emt 0:00:07]} 20. Kg2 {[%emt 0:00:25]} Rxd3 {[%emt 0:12:27]} 21. Rad1 {[%emt 0:00:03]} Rxd1 {[%emt 0:00:06]} 22. Rxd1 {[%emt 0:00:03]} Bf7 {[%emt 0:00:04]} 23. Nc2 {[%emt 0:10:41]} Re8 {[%emt 0:05:42]} 24. Kf2 {[%emt 0:04:59]} g5 {[%emt 0:05:32]} 25. Ne3 {[%emt 0:10:47]} Re5 {[%emt 0:00:10]} 26. Rd4 {[%emt 0:00:16]} Kg7 {[%emt 0:00:37]} 27. Ra4 {[%emt 0:00:20]} a6 {[%emt 0:00:45]} 28. Rb4 {[%emt 0:00:07]} b5 {[%emt 0:00:49]} 29. a4 {[%emt 0:00:04]} Be8 {[%emt 0:00:43]} 30. axb5 {[%emt 0:00:57]} axb5 {[%emt 0:01:31]} 31. Rd4 {[%emt 0:00:09]} Bc6 {[%emt 0:00:19]} 32. h4 {[%emt 0:00:47]} h6 {[%emt 0:00:08]} 33. hxg5 {[%emt 0:00:33]} hxg5 {[%emt 0:00:04]} 34. Rd1 {[%emt 0:00:24]} Kg6 {[%emt 0:02:40]} 35. b4 {[%emt 0:01:22]} f4 {[%emt 0:02:47]} 36. gxf4 {[%emt 0:00:29]} gxf4 {[%emt 0:00:04]} 37. Ng2 {[%emt 0:00:32]} Re4 {[%emt 0:05:02]} 38. Rd4 {[%emt 0:00:14]} Kf5 {[%emt 0:00:59]} 39. Rd3 Ke5 0-1

[Event "POR-ch Absolute 2019"]
[Site "Portimao"]
[Date "2019.09.12"]
[Round "6.3"]
[White "Damaso, Rui"]
[Black "Fidalgo, Andre Neves"]
[Result "1-0"]
[WhiteElo "2416"]
[BlackElo "2261"]
[Annotator "NA"]
[PlyCount "59"]
[EventDate "2019.09.07"]
[EventType "tourn"]
[EventCountry "POR"]
[SourceTitle "playchess.com"]
[Source "ChessBase"]
[SourceQuality "1"]
[TimeControl "5400+30"]

1. c4 {[%emt 0:00:24]} Nf6 {[%emt 0:00:00]} 2. Nc3 {[%emt 0:00:29]} d5 {[%emt 0:00:58]} 3. cxd5 {[%emt 0:01:24]} Nxd5 {[%emt 0:00:06]} 4. g3 {[%emt 0:01:01]} g6 {[%emt 0:00:07]} 5. Bg2 {[%emt 0:00:04]} Nb6 {[%emt 0:01:40]} 6. d3 {[%emt 0:00:19]} Bg7 {[%emt 0:00:07]} 7. Be3 {[%emt 0:00:19]} O-O {[%emt 0:01:08]} 8. Qd2 {[%emt 0:04:04]} Nc6 {[%emt 0:06:16]} 9. Bxc6 {[%emt 0:03:23]} bxc6 {[%emt 0:00:06]} 10. Bh6 {[%emt 0:00:20]} Nd5 {[%emt 0:00:35]} 11. Bxg7 {[%emt 0:00:40]} Kxg7 {[%emt 0:00:08]} 12. Rc1 {[%emt 0:00:15]} Rb8 {[%emt 0:01:40]} 13. Nf3 {[%emt 0:01:43]} f6 {[%emt 0:02:48]} 14. Ne4 {[%emt 0:03:39]} Bh3 {[%emt 0:07:19]} 15. Rg1 {[%emt 0:11:56]} Bg4 {[%emt 0:07:31]} 16. Nd4 {[%emt 0:02:40]} Nb4 {[%emt 0:00:54]} 17. Rc4 {[%emt 0:01:36]} e5 {[%emt 0:03:48]} 18. Nxc6 {[%emt 0:03:49]} Nxc6 {[%emt 0:00:13]} 19. Rxc6 {[%emt 0:00:03]} Rf7 {[%emt 0:00:40]} 20. Qc3 {[%emt 0:03:49]} Rb6 {[%emt 0:07:30]} 21. Rc5 {[%emt 0:02:18]} Qb8 {[%emt 0:13:43]} 22. b3 {[%emt 0:04:28]} Qb7 {[%emt 0:01:48]} 23. f3 {[%emt 0:02:18]} Bf5 {[%emt 0:00:21]} 24. Nd2 {[%emt 0:01:24]} Ra6 {[%emt 0:00:34]} 25. g4 {[%emt 0:00:55]} Be6 {[%emt 0:01:55]} 26. g5 {[%emt 0:00:21]} Rxa2 {[%emt 0:00:37]} 27. gxf6+ {[%emt 0:00:32]} Kg8 {[%emt 0:00:20]} 28. Rg5 {[%emt 0:01:55]} Qa6 {[%emt 0:05:22]} 29. Rc6 {[%emt 0:02:08]} Qc8 {[%emt 0:06:53]} 30. Rxe5 {[%emt 0:00:24]} 1-0